Final standings of the 2021/2022 Bundesliga season - Statistics

General Stats
  • This quiz has been taken 57 times
  • The average score is 13 of 18
Answer Stats
Punkte Verein % Correct
1 77 Bayern Munich
100%
2 69 Borussia Dortmund
100%
3 64 Bayer Leverkusen
92%
4 58 RB Leipzig
92%
5 57 Union Berlin
78%
7 52 1. FC Köln
76%
6 55 SC Freiburg
71%
16 33 Hertha BSC
67%
18 18 Greuther Fürth
63%
8 46 Mainz 05
63%
15 33 VfB Stuttgart
63%
17 28 Arminia Bielefeld
59%
10 45 Borussia Mönchengladbach
59%
11 42 Eintracht Frankfurt
59%
9 46 1899 Hoffenheim
57%
14 38 FC Augsburg
55%
13 42 VfL Bochum
55%
12 42 VfL Wolfsburg
53%
No matching quizzes found
Score Distribution
Percent of People with Each Score
Percentile by Number Answered
Your Score History
You have not taken this quiz